Statistics for The 50 States by License Plate

Click here to take the quiz!

General Stats

  • This quiz has been taken 993 times
  • The average score is 22 of 50

Answer Stats

HintAnswer% Correct
"Empire State"New York
94%
Two orangesFlorida
84%
A single starTexas
83%
Mt. RushmoreSouth Dakota
81%
PeachesGeorgia
80%
Mt. RainierWashington
80%
"The First State"Delaware
77%
Abraham LincolnIllinois
75%
A racing horseKentucky
73%
"Garden State"New Jersey
73%
A pelicanLouisiana
67%
A rainbowHawaii
61%
The Bucking Horse & RiderWyoming
57%
Saguaro cactiArizona
54%
A sugar mapleVermont
53%
An airplane amidst sea oatsNorth Carolina
51%
"Constitution State"Connecticut
50%
A palmetto and the moonSouth Carolina
49%
A flag with the Big Dipper and North StarAlaska
48%
The Zia Sun SymbolNew Mexico
48%
A sailboat, a sunset, cranes and a dairy farmWisconsin
48%
Arches National ParkUtah
47%
A keystonePennsylvania
45%
Sunset over the SierrasNevada
44%
A Douglas FirOregon
43%
An airplane, a windmill and a barnOhio
38%
A farm with silosIowa
37%
"The Spirit of America"Massachusetts
37%
A bison skullMontana
36%
A diamondArkansas
35%
The Rocky Mountains and pine treesIdaho
34%
An anchor and a waveRhode Island
34%
Old Man of the MountainNew Hampshire
32%
"Wild, Wonderful"West Virginia
32%
A bison and wheatNorth Dakota
30%
A young Apache and his bowOklahoma
29%
No illustrations or slogan (state in script)California
28%
A 15-starred flag over Ft McHenryMaryland
27%
Two people in a canoe on a lakeMinnesota
27%
A chickadee and pine coneMaine
22%
"Pure"Michigan
22%
The Front RangeColorado
20%
An electric guitarMississippi
16%
"Bicentennial 1816-2016"Indiana
15%
Rolling green hillsTennessee
15%
"Ad Astra per Aspera," 34 stars and a rising sunKansas
11%
No illustrations or slogan (state in all caps)Virginia
11%
Mountains, a lake and a heronAlabama
10%
A meadowlark and goldenrodNebraska
10%
A bluebird and hawthornsMissouri
7%

Score Distribution

Percentile by Number Answered

Percent of People with Each Score

Your Score History

You have not taken this quiz